[Event "GER-ch Net blitz qual5"]
[Site "Playchess.com INT"]
[Date "2020.03.28"]
[Round "9"]
[White "Janz, Frerik"]
[Black "Krastev, Alexander"]
[Result "1-0"]
[WhiteElo "2311"]
[BlackElo "2340"]
[PlyCount "137"]
[EventDate "2020.03.28"]
[EventType "swiss (blitz)"]
[EventRounds "13"]
[EventCountry "GER"]
[SourceTitle "CBM 195 Extra"]
[Source "ChessBase"]
[SourceDate "2020.05.31"]
[SourceVersion "1"]
[SourceVersionDate "2020.05.31"]
[SourceQuality "1"]

1. d4 Nf6 2. c4 c5 3. Nf3 cxd4 4. Nxd4 e5 5. Nb5 d5 6. cxd5 Bb4+ 7. N5c3 Qxd5 8. Qxd5 Nxd5 9. Bd2 Nc7 10. g3 Nc6 11. Na3 Nd4 12. Rc1 Bf5 13. Bg2 0-0 14. e3 Nc6 15. 0-0 Rfd8 16. Rfd1 Bg4 17. f3 Be6 18. Nab1 f5 19. Kf2 Kf7 20. a3 Be7 21. Be1 Bb3 22. Rxd8 Rxd8 23. Nd2 Be6 24. Na4 Na6 25. Bf1 Na5 26. b4 Nb3 27. Nxb3 Bxb3 28. Bxa6 bxa6 29. Nc5 Bxc5 30. Rxc5 Ke6 31. Bc3 Rd5 32. Rc7 Rd7 33. Rxd7 Kxd7 34. Bxe5 g6 35. e4 fxe4 36. fxe4 Ke6 37. Bd4 a5 38. Bxa7 axb4 39. axb4 Ke5 40. Ke3 Ba4 41. Bb8+ Ke6 42. Kd4 Kd7 43. Kc5 Bc6 44. e5 Bg2 45. b5 Bf3 46. b6 Be4 47. Bd6 Bb7 48. Bf8 Ke6 49. Bd6 Kd7 50. Kd4 Ke6 51. Ke3 Kf5 52. h3 h5 53. Bc7 Ba8 54. g4+ hxg4 55. hxg4+ Ke6 56. Kf4 Bb7 57. Kg5 Be4 58. Kh6 Kf7 59. Bd6 Bd5 60. Kg5 Bb7 61. Bc5 Bc6 62. e6+ Kxe6 63. Kxg6 Bb7 64. g5 Be4+ 65. Kh6 Kf7 66. Bf2 Kg8 67. g6 Bd5 68. Kg5 Be4 69. Kf6 1-0

[Event "GER-ch Net blitz qual3"]
[Site "Playchess.com INT"]
[Date "2020.03.21"]
[Round "5"]
[White "Janz, Frerik"]
[Black "Dahl, Christoph"]
[Result "1-0"]
[WhiteElo "2311"]
[BlackElo "2228"]
[PlyCount "145"]
[EventDate "2020.03.21"]
[EventType "swiss (blitz)"]
[EventRounds "9"]
[EventCountry "GER"]
[SourceTitle "CBM 195 Extra"]
[Source "ChessBase"]
[SourceDate "2020.05.31"]
[SourceVersion "1"]
[SourceVersionDate "2020.05.31"]
[SourceQuality "1"]

1. d4 Nf6 2. c4 g6 3. Nc3 Bg7 4. e4 d6 5. Be2 0-0 6. Nf3 e5 7. 0-0 Nc6 8. d5 Ne7 9. Bg5 h6 10. Bxf6 Bxf6 11. b4 Bg7 12. c5 f5 13. Nd2 fxe4 14. Ndxe4 Nf5 15. Bg4 Nd4 16. Bxc8 Rxc8 17. Ne2 Qh4 18. Nxd4 exd4 19. Qd3 Rce8 20. f3 Be5 21. g3 Qh5 22. f4 Bg7 23. cxd6 Qf5 24. Rfe1 cxd6 25. Rad1 Qxd5 26. Qb3 Qxb3 27. axb3 Re6 28. Kf1 Rfe8 29. Nxd6 Rxe1+ 30. Rxe1 Rxe1+ 31. Kxe1 b6 32. b5 Bf8 33. Nc8 Kf7 34. Kd2 Ke6 35. Kd3 Kd5 36. Nxa7 Bc5 37. Nc6 Bd6 38. Nxd4 g5 39. fxg5 hxg5 40. Nf5 Bc5 41. h4 Ke5 42. g4 gxh4 43. Nxh4 Kf4 44. Nf5 Kxg4 45. Ke4 Kg5 46. Ke5 Bb4 47. Nd6 Kg6 48. Ke6 Kg5 49. Nc4 Bc5 50. Kd5 Kf6 51. Kc6 Ke6 52. Nxb6 Be3 53. Nd5 Bd4 54. b6 Ke5 55. b4 Bg1 56. b5 Bf2 57. b7 Ba7 58. b6 Bb8 59. Nc7 Kd4 60. Na6 Be5 61. b8Q Bxb8 62. Nxb8 Kc4 63. Nd7 Kd4 64. b7 Kc4 65. b8Q Kd4 66. Qe5+ Kc4 67. Qe4+ Kc3 68. Kc5 Kd2 69. Qf3 Ke1 70. Qg2 Kd1 71. Nb6 Kc1 72. Nc4 Kb1 73. Qb2# 1-0

[Event "GER-ch Net blitz qual2"]
[Site "Playchess.com INT"]
[Date "2020.03.16"]
[Round "6"]
[White "Janz, Frerik"]
[Black "Reichmann, Hendrik"]
[Result "0-1"]
[WhiteElo "2311"]
[BlackElo "2344"]
[PlyCount "52"]
[EventDate "2020.03.16"]
[EventType "swiss (blitz)"]
[EventRounds "9"]
[EventCountry "GER"]
[SourceTitle "CBM 195 Extra"]
[Source "ChessBase"]
[SourceDate "2020.05.31"]
[SourceVersion "1"]
[SourceVersionDate "2020.05.31"]
[SourceQuality "1"]

1. d4 g6 2. e4 Bg7 3. Be3 d6 4. c4 e5 5. Ne2 Nc6 6. Nbc3 Nh6 7. f3 f5 8. d5 Ne7 9. Qd2 Nf7 10. 0-0-0 0-0 11. Kb1 c5 12. dxc6 bxc6 13. c5 d5 14. exd5 f4 15. Bf2 cxd5 16. Nxd5 Bf5+ 17. Ka1 Nxd5 18. Qxd5 Qa5 19. Nc3 Rad8 20. Qb3 Rxd1+ 21. Qxd1 e4 22. Nxe4 Bxe4 23. fxe4 Rd8 24. Qc1 Rd2 25. Be1 Bxb2+ 26. Qxb2 Rd1+ 0-1

[Event "GER-ch Net blitz qual1"]
[Site "Playchess.com INT"]
[Date "2020.03.07"]
[Round "8"]
[White "Hansch, Karsten"]
[Black "Janz, Frerik"]
[Result "1/2-1/2"]
[WhiteElo "2300"]
[BlackElo "2311"]
[PlyCount "127"]
[EventDate "2020.03.07"]
[EventType "swiss (blitz)"]
[EventRounds "9"]
[EventCountry "GER"]
[SourceTitle "CBM 195 Extra"]
[Source "ChessBase"]
[SourceDate "2020.05.31"]
[SourceVersion "1"]
[SourceVersionDate "2020.05.31"]
[SourceQuality "1"]

1. e4 c5 2. Nc3 a6 3. Nge2 b5 4. g3 Bb7 5. Bg2 g6 6. 0-0 Bg7 7. d3 d6 8. Be3 Nc6 9. f4 Nd4 10. Qd2 e6 11. Nd1 Ne7 12. c3 Nxe2+ 13. Qxe2 0-0 14. Nf2 Qc7 15. Rae1 d5 16. Bd2 dxe4 17. Nxe4 Nf5 18. Be3 Nxe3 19. Qxe3 Rac8 20. Rd1 Rfd8 21. Rd2 b4 22. Rfd1 bxc3 23. bxc3 Ba8 24. d4 cxd4 25. cxd4 Qa5 26. h3 Rc4 27. Kh2 Qb6 28. Qb3 Rb4 29. Qa3 Rbxd4 30. Rxd4 Bxd4 31. Qe7 Rf8 32. Qd7 Bg7 33. Ng5 Bxg2 34. Kxg2 h6 35. Ne4 Qb4 36. Nf2 a5 37. h4 h5 38. Qa7 a4 39. Rd7 a3 40. Rd3 Qb2 41. Qxa3 Qe2 42. Rf3 Bd4 43. Qd3 Qxd3 44. Rxd3 Bc5 45. Rc3 Bd4 46. Rd3 Bc5 47. Rc3 Bd4 48. Rc4 Bf6 49. a4 Rb8 50. Ne4 Kg7 51. Nxf6 Kxf6 52. Kf3 Rb3+ 53. Kf2 Ra3 54. Rb4 Kf5 55. Rb5+ Kf6 56. Rb4 e5 57. Rb6+ Kf5 58. Rb5 f6 59. fxe5 fxe5 60. a5 Ke4 61. Rb4+ Kf5 62. Rb5 Ke4 63. Rb4+ Kf5 64. Rb5 1/2-1/2

[Event "GER-ch Net blitz qual1"]
[Site "Playchess.com INT"]
[Date "2020.03.07"]
[Round "6"]
[White "Janz, Frerik"]
[Black "Fehmer, Dirk"]
[Result "1-0"]
[WhiteElo "2311"]
[BlackElo "2113"]
[PlyCount "127"]
[EventDate "2020.03.07"]
[EventType "swiss (blitz)"]
[EventRounds "9"]
[EventCountry "GER"]
[SourceTitle "CBM 195 Extra"]
[Source "ChessBase"]
[SourceDate "2020.05.31"]
[SourceVersion "1"]
[SourceVersionDate "2020.05.31"]
[SourceQuality "1"]

1. d4 Nf6 2. c4 g6 3. Nc3 d6 4. e4 Bg7 5. Bd3 e5 6. d5 a5 7. Nge2 Nbd7 8. Bc2 Nc5 9. h3 Bd7 10. g4 h6 11. Ng3 Qe7 12. Be3 Na6 13. a3 Nh7 14. b4 axb4 15. axb4 0-0 16. Rb1 c6 17. h4 Rab8 18. h5 g5 19. f3 Rfc8 20. Qd2 c5 21. bxc5 Nxc5 22. 0-0 Nf6 23. Qe2 Ra8 24. Bxc5 Rxc5 25. Rxb7 Ra3 26. Rb3 Ra7 27. Rfb1 Rac7 28. Bd3 Kh7 29. Rb7 Qd8 30. Rxc7 Qxc7 31. Kg2 Qc8 32. Nf5 Bxf5 33. exf5 Bf8 34. Rb5 Be7 35. Rxc5 Qxc5 36. Ne4 Nxe4 37. f6 Bxf6 38. Qxe4+ Kg7 39. Qh7+ Kf8 40. Qxh6+ Ke7 41. Qh7 Qa3 42. Qe4 Qb2+ 43. Be2 Qd2 44. h6 Qe1 45. h7 Qh4 46. c5 dxc5 47. d6+ Kxd6 48. Bc4 Kc7 49. Bxf7 Qh6 50. Bc4 Bg7 51. Bd3 Qd6 52. Qc4 Qe7 53. Be4 Qf6 54. Qxc5+ Kd8 55. Qa5+ Ke7 56. Qc7+ Ke8 57. Qc8+ Ke7 58. Qg8 Kd6 59. Qd5+ Ke7 60. Bf5 Qd6 61. Qg8 Qd2+ 62. Kh3 Bf6 63. Qe6+ Kf8 64. Qxf6+ 1-0

[Event "GER-ch Net blitz qual1"]
[Site "Playchess.com INT"]
[Date "2020.03.07"]
[Round "9"]
[White "Janz, Frerik"]
[Black "Mittag, Ralf"]
[Result "0-1"]
[WhiteElo "2311"]
[BlackElo "2089"]
[PlyCount "92"]
[EventDate "2020.03.07"]
[EventType "swiss (blitz)"]
[EventRounds "9"]
[EventCountry "GER"]
[SourceTitle "CBM 195 Extra"]
[Source "ChessBase"]
[SourceDate "2020.05.31"]
[SourceVersion "1"]
[SourceVersionDate "2020.05.31"]
[SourceQuality "1"]

1. d4 g6 2. e4 Bg7 3. c4 d6 4. Nc3 Nc6 5. Be3 e5 6. Nge2 f5 7. f3 fxe4 8. Nxe4 exd4 9. Nxd4 Nf6 10. Nxc6 bxc6 11. Bg5 0-0 12. Bd3 Rb8 13. b3 Qe8 14. 0-0 Nxe4 15. Bxe4 Bxa1 16. Qxa1 Bf5 17. Re1 Bxe4 18. Rxe4 Qc8 19. Re7 Rf7 20. Rxf7 Kxf7 21. Qf6+ Kg8 22. Qe7 Qe8 23. Qxe8+ Rxe8 24. Kf2 Kf7 25. Be3 c5 26. Ke2 Ke6 27. Kd3 Rf8 28. f4 a6 29. g4 c6 30. Ke4 h5 31. h3 d5+ 32. Kf3 d4 33. Bd2 Ra8 34. Ba5 Re8 35. Bc7 Kd7 36. Be5 hxg4+ 37. hxg4 Ke6 38. Ke4 Re7 39. f5+ gxf5+ 40. gxf5+ Kd7 41. f6 Rh7 42. Kf5 Rh1 43. f7 Ke7 44. Bd6+ Kxf7 45. Bxc5 d3 46. Be3 Re1 0-1

[Event "GER-ch Net blitz qual1"]
[Site "Playchess.com INT"]
[Date "2020.03.07"]
[Round "5"]
[White "Wessendorf, Thomas"]
[Black "Janz, Frerik"]
[Result "0-1"]
[WhiteElo "2242"]
[BlackElo "2311"]
[PlyCount "132"]
[EventDate "2020.03.07"]
[EventType "swiss (blitz)"]
[EventRounds "9"]
[EventCountry "GER"]
[SourceTitle "CBM 195 Extra"]
[Source "ChessBase"]
[SourceDate "2020.05.31"]
[SourceVersion "1"]
[SourceVersionDate "2020.05.31"]
[SourceQuality "1"]

1. e4 c5 2. Nf3 e6 3. d4 cxd4 4. Nxd4 Qb6 5. Nb3 Qc7 6. Nc3 a6 7. Bd3 Nf6 8. 0-0 d6 9. f4 Nc6 10. Qe2 Be7 11. Bd2 0-0 12. Rae1 Nd7 13. Qh5 Nb4 14. Nd4 Nxd3 15. cxd3 Qc5 16. Qxc5 Nxc5 17. Rf3 Bd7 18. b4 Na4 19. Nd1 Rac8 20. a3 Bf6 21. Nb3 Rc2 22. d4 Bxd4+ 23. Nxd4 Rxd2 24. Nb3 Ra2 25. Na5 b6 26. Nc4 d5 27. exd5 exd5 28. Ne5 Bf5 29. Nf2 Re8 30. Rc1 f6 31. Nc6 Kf8 32. Nd4 Be4 33. Re3 Bg6 34. Rxe8+ Bxe8 35. g4 Bd7 36. Rc7 Ke8 37. f5 Rxa3 38. Ra7 Nc3 39. Nd3 Ne2+ 40. Nxe2 Rxd3 41. Nf4 Rd4 42. Ne6 Bxe6 43. fxe6 Rxg4+ 44. Kf2 g6 45. Rxh7 Rxb4 46. Ra7 a5 47. Ke3 Re4+ 48. Kd3 Rxe6 49. Rg7 g5 50. Kd4 Re4+ 51. Kxd5 Kf8 52. Rb7 Rh4 53. Rxb6 Kg7 54. Ke6 Rxh2 55. Kf5 Rf2+ 56. Kg4 Rf4+ 57. Kg3 a4 58. Ra6 Kg6 59. Kg2 Rb4 60. Ra5 g4 61. Kg3 f5 62. Kh4 Kf6 63. Ra6+ Ke5 64. Kg5 g3 65. Ra8 Rg4+ 66. Kh5 g2 0-1

[Event "BL2-Nord 1415"]
[Site "Germany"]
[Date "2015.02.22"]
[Round "7.2"]
[White "Strzemiecki, Zbigniew"]
[Black "Janz, Frerik"]
[Result "1-0"]
[WhiteElo "2383"]
[BlackElo "2327"]
[PlyCount "51"]
[EventDate "2014.09.21"]
[EventType "team-tourn"]
[EventRounds "9"]
[EventCountry "GER"]
[SourceTitle "CBM 166 Extra"]
[Source "ChessBase"]
[SourceDate "2015.06.18"]
[SourceVersion "1"]
[SourceVersionDate "2015.06.18"]
[SourceQuality "1"]
[WhiteTeam "Berlin SF II"]
[BlackTeam "Luebeck"]
[WhiteTeamCountry "GER"]
[BlackTeamCountry "GER"]

1. e4 e5 2. Nf3 Nc6 3. Bb5 Nf6 4. 0-0 Nxe4 5. d4 Nd6 6. Bxc6 dxc6 7. dxe5 Nf5 8. Qxd8+ Kxd8 9. Nc3 Bd7 10. b3 Kc8 11. Bb2 Be7 12. Rad1 h5 13. Ne2 a5 14. a4 c5 15. Nf4 Bc6 16. Nd5 b6 17. c4 Kb7 18. Rd3 Rae8 19. Re1 Bd8 20. Kf1 Kc8 21. Nd2 Bd7 22. Ne4 Ne7 23. e6 fxe6 24. Nxb6+ Kb7 25. Nxd7 Kc8 26. Ndxc5 1-0

[Event "BL2-Nord 1415"]
[Site "Germany"]
[Date "2015.02.01"]
[Round "6.2"]
[White "Janz, Frerik"]
[Black "Holzapfel, Daniel"]
[Result "1/2-1/2"]
[WhiteElo "2327"]
[BlackElo "2303"]
[PlyCount "21"]
[EventDate "2014.09.21"]
[EventType "team-tourn"]
[EventRounds "9"]
[EventCountry "GER"]
[SourceTitle "CBM 166 Extra"]
[Source "ChessBase"]
[SourceDate "2015.06.18"]
[SourceVersion "1"]
[SourceVersionDate "2015.06.18"]
[SourceQuality "1"]
[WhiteTeam "Luebeck"]
[BlackTeam "Berlin Kreuzberg"]
[WhiteTeamCountry "GER"]
[BlackTeamCountry "GER"]

1. c4 Nf6 2. Nc3 e6 3. Nf3 b6 4. e4 Bb7 5. Bd3 c5 6. 0-0 Nc6 7. e5 Ng4 8. Re1 d6 9. exd6 Bxd6 10. Ne4 Nf6 11. a4 1/2-1/2

[Event "BL2-Nord 1314"]
[Site "Germany"]
[Date "2014.01.19"]
[Round "5.3"]
[White "Janz, Frerik"]
[Black "Fish, Gennadij"]
[Result "1/2-1/2"]
[WhiteElo "2317"]
[BlackElo "2464"]
[PlyCount "107"]
[EventDate "2013.10.13"]
[EventType "team-tourn"]
[EventRounds "9"]
[EventCountry "GER"]
[SourceTitle "EXT 2015"]
[Source "ChessBase"]
[SourceDate "2014.11.20"]
[SourceVersion "1"]
[SourceVersionDate "2014.11.20"]
[SourceQuality "1"]
[WhiteTeam "Luebeck"]
[BlackTeam "Werder Bremen II"]
[WhiteTeamCountry "GER"]
[BlackTeamCountry "GER"]

1. d4 Nf6 2. c4 e6 3. g3 d5 4. Nf3 c5 5. Bg2 Nc6 6. 0-0 Be7 7. dxc5 Bxc5 8. a3 a5 9. cxd5 exd5 10. Qc2 Be7 11. Rd1 Be6 12. Nc3 Qb6 13. Be3 Qa6 14. Bg5 Rd8 15. e4 dxe4 16. Nxe4 0-0 17. Nxf6+ gxf6 18. Bh6 Rxd1+ 19. Rxd1 Rc8 20. Bf1 Qb6 21. Be3 Qc7 22. Bd3 Ne5 23. Bxh7+ Kg7 24. Nxe5 Qxc2 25. Bxc2 Rxc2 26. Nd3 Bf5 27. b4 Bxd3 28. Rxd3 axb4 29. axb4 Bxb4 30. Rd7 Bc5 31. Bxc5 Rxc5 32. Rxb7 Rc2 33. Rb5 Kg6 34. g4 Rc4 35. h3 Rc3 36. Kg2 Ra3 37. h4 Rc3 38. Rb6 Kg7 39. f3 Rc2+ 40. Kg3 Rc4 41. Rb3 Ra4 42. Rb6 Rc4 43. g5 fxg5 44. hxg5 Ra4 45. f4 Ra3+ 46. Kg4 Ra4 47. Rb3 Kg6 48. Rb6+ Kg7 49. Rb5 Kg6 50. Re5 Rb4 51. Kf3 Ra4 52. Re4 Rxe4 53. Kxe4 f6 54. gxf6 1/2-1/2

[Event "BL2-Nord 1213"]
[Site "Germany"]
[Date "2013.03.17"]
[Round "8.3"]
[White "Richter, Michael"]
[Black "Janz, Frerik"]
[Result "1/2-1/2"]
[WhiteElo "2460"]
[BlackElo "2324"]
[PlyCount "113"]
[EventDate "2012.10.14"]
[EventType "team-tourn"]
[EventRounds "9"]
[EventCountry "GER"]
[SourceTitle "CBM 154 Extra"]
[Source "ChessBase"]
[SourceDate "2013.06.25"]
[SourceVersion "2"]
[SourceVersionDate "2013.06.25"]
[SourceQuality "1"]
[WhiteTeam "Berlin Koenig Tegel"]
[BlackTeam "Luebeck"]
[WhiteTeamCountry "GER"]
[BlackTeamCountry "GER"]

1. d4 Nf6 2. c4 g6 3. f3 Nc6 4. d5 Ne5 5. e4 d6 6. f4 Ned7 7. Nc3 c6 8. Nf3 Qb6 9. Qe2 cxd5 10. cxd5 Qa5 11. Bd2 Bg7 12. b4 Qxb4 13. e5 dxe5 14. fxe5 Ng4 15. Rb1 Qc5 16. Rb5 Qa3 17. Rb3 Qc5 18. e6 Nde5 19. Qb5+ Qxb5 20. Bxb5+ Kf8 21. Nxe5 Nxe5 22. Rf1 Kg8 23. exf7+ Nxf7 24. d6 Nxd6 25. Nd5 h6 26. Nxe7+ Kh7 27. Bd3 Nf5 28. Nxf5 Bxf5 29. Bxf5 gxf5 30. Rxb7 Rhe8+ 31. Kd1 Kg6 32. Rf3 Be5 33. Ra3 Re6 34. g3 a6 35. Rd7 Rb8 36. Rb3 Rxb3 37. axb3 Rd6 38. Rxd6+ Bxd6 39. Ke2 h5 40. Bf4 Be7 41. Kd3 h4 42. gxh4 Bxh4 43. Ke2 Be7 44. Kf3 Bc5 45. Bg3 Kg5 46. Be1 f4 47. Ba5 Bd6 48. Bd8+ Kf5 49. Ba5 Be5 50. Bd2 Bd6 51. h4 Be7 52. h5 Kg5 53. Bxf4+ Kxh5 54. Ke4 Kg4 55. Bc7 Bf8 56. Bb6 Bb4 57. Kd5 1/2-1/2

[Event "BL2-Nord 1213"]
[Site "Germany"]
[Date "2012.11.11"]
[Round "2.3"]
[White "Janz, Frerik"]
[Black "Szelag, Marcin"]
[Result "1/2-1/2"]
[WhiteElo "2324"]
[BlackElo "2483"]
[PlyCount "85"]
[EventDate "2012.10.14"]
[EventType "team-tourn"]
[EventRounds "9"]
[EventCountry "GER"]
[SourceTitle "CBM 154 Extra"]
[Source "ChessBase"]
[SourceDate "2013.06.25"]
[SourceVersion "2"]
[SourceVersionDate "2013.06.25"]
[SourceQuality "1"]
[WhiteTeam "Luebeck"]
[BlackTeam "Rostock SSC 07"]
[WhiteTeamCountry "GER"]
[BlackTeamCountry "GER"]

1. e4 c5 2. Nf3 d6 3. Bc4 Nf6 4. Qe2 Nc6 5. c3 Bg4 6. d3 e6 7. Nbd2 Be7 8. h3 Bh5 9. Bb3 d5 10. Bc2 Qc7 11. Nf1 c4 12. exd5 cxd3 13. Bxd3 Nxd5 14. Ng3 Bxf3 15. Qxf3 0-0 16. Be4 Ne5 17. Qh5 g6 18. Qd1 Rfd8 19. Qb3 f5 20. Bc2 b5 21. a3 Rab8 22. 0-0 a5 23. Ne2 a4 24. Qa2 Nc4 25. b3 axb3 26. Bxb3 Bf6 27. Qc2 Qc5 28. a4 Ra8 29. Ra2 bxa4 30. Rxa4 Rxa4 31. Bxa4 e5 32. Rd1 Kg7 33. Bb3 Ndb6 34. Rxd8 Bxd8 35. Qd3 Bf6 36. Be3 Nxe3 37. Qxe3 Qxe3 38. fxe3 Be7 39. e4 Bc5+ 40. Kf1 Kf6 41. exf5 gxf5 42. g4 fxg4 43. hxg4 1/2-1/2

[Event "BL2-Nord 1112"]
[Site "Germany"]
[Date "2012.03.18"]
[Round "8.4"]
[White "Rudolf, Henrik"]
[Black "Janz, Frerik"]
[Result "0-1"]
[WhiteElo "2361"]
[BlackElo "2342"]
[PlyCount "108"]
[EventDate "2011.10.02"]
[EventType "team-tourn"]
[EventRounds "9"]
[EventCountry "GER"]
[SourceTitle "EXT 2015"]
[Source "ChessBase"]
[SourceDate "2014.11.20"]
[SourceVersion "1"]
[SourceVersionDate "2014.11.20"]
[SourceQuality "1"]
[WhiteTeam "Rostock"]
[BlackTeam "Luebeck"]
[WhiteTeamCountry "GER"]
[BlackTeamCountry "GER"]

1. e4 e6 2. d4 d5 3. Nc3 Bb4 4. e5 c5 5. a3 Bxc3+ 6. bxc3 Qa5 7. Bd2 Qa4 8. Rb1 c4 9. Qc1 f6 10. Nf3 Nc6 11. Be2 fxe5 12. Nxe5 Nf6 13. 0-0 0-0 14. Qb2 b6 15. Nxc6 Qxc6 16. Rfe1 Ne4 17. Be3 Bd7 18. Bg4 Rf6 19. f3 Nd6 20. Bf2 Nf5 21. Bxf5 Rxf5 22. Re2 Raf8 23. Bg3 Be8 24. Rbe1 Bf7 25. Qb4 Re8 26. a4 Bg6 27. Rb1 Rf7 28. a5 bxa5 29. Qxa5 Rb7 30. Rxb7 Qxb7 31. Kf2 Bf7 32. Qa2 Ra8 33. Re1 a5 34. Rb1 Qc6 35. Qa3 Bg6 36. Be5 Qd7 37. Rb2 Be8 38. Rb6 Qa4 39. Qb2 Bg6 40. Kg3 Qe8 41. Rb7 Bf7 42. Kf2 h6 43. g4 a4 44. Qa3 Qf8 45. Bd6 Qc8 46. Re7 Qc6 47. Rc7 Qb5 48. Qc1 e5 49. dxe5 Qb6+ 50. Kg2 a3 51. Qf4 Qxc7 52. Bxc7 a2 53. Qf5 Re8 54. e6 Rxe6 0-1

[Event "Luebeck"]
[Site "Luebeck"]
[Date "2011.05.01"]
[Round "7"]
[White "Janz, Frerik"]
[Black "Nedic, Dusan"]
[Result "1-0"]
[WhiteElo "2337"]
[BlackElo "2378"]
[PlyCount "93"]
[EventDate "2011.04.25"]
[EventType "tourn"]
[EventRounds "9"]
[EventCountry "GER"]
[EventCategory "6"]
[SourceTitle "CBM 142 Extra"]
[Source "ChessBase"]
[SourceDate "2011.06.27"]
[SourceVersion "1"]
[SourceVersionDate "2011.06.27"]
[SourceQuality "1"]

1. e4 c5 2. Nf3 d6 3. Bc4 e6 4. Qe2 Nc6 5. c3 Nf6 6. Bb3 Be7 7. 0-0 0-0 8. Rd1 a6 9. d4 Qc7 10. dxc5 dxc5 11. e5 Nd5 12. Bc2 b5 13. Qe4 g6 14. Bh6 Rd8 15. Re1 Bb7 16. Qg4 Nb6 17. Nbd2 Nd7 18. Qg3 c4 19. h4 Nc5 20. Ne4 Nd3 21. Neg5 Rd5 22. Bxd3 Rxd3 23. h5 Nd8 24. hxg6 fxg6 25. Qg4 Qd7 26. Nd4 Bd5 27. Rad1 Rxd1 28. Rxd1 Nf7 29. Nxf7 Kxf7 30. Bg5 Bxg5 31. Qxg5 Qe7 32. Qh6 Kg8 33. Ne2 Qc7 34. Qe3 Qa7 35. Rd4 b4 36. cxb4 Qb7 37. Nf4 Qxb4 38. Rd2 c3 39. bxc3 Qb1+ 40. Kh2 Bxa2 41. Qg3 Bc4 42. Nh5 Bb5 43. Qf3 Rf8 44. Nf6+ Kg7 45. Qb7+ Rf7 46. Qb8 Rf8 47. Rd7+ 1-0

[Event "Luebeck"]
[Site "Luebeck"]
[Date "2011.04.30"]
[Round "6"]
[White "Svane, Rasmus"]
[Black "Janz, Frerik"]
[Result "0-1"]
[WhiteElo "2216"]
[BlackElo "2337"]
[PlyCount "128"]
[EventDate "2011.04.25"]
[EventType "tourn"]
[EventRounds "9"]
[EventCountry "GER"]
[EventCategory "6"]
[SourceTitle "CBM 142 Extra"]
[Source "ChessBase"]
[SourceDate "2011.06.27"]
[SourceVersion "1"]
[SourceVersionDate "2011.06.27"]
[SourceQuality "1"]

1. d4 Nf6 2. c4 g6 3. Nc3 d5 4. cxd5 Nxd5 5. e4 Nxc3 6. bxc3 Bg7 7. Bc4 c5 8. Ne2 Nc6 9. Be3 cxd4 10. cxd4 Qa5+ 11. Bd2 Qh5 12. Bc3 Qg4 13. Ng3 0-0 14. 0-0 Qxd1 15. Raxd1 Rd8 16. e5 b6 17. Rfe1 Bb7 18. d5 Na5 19. Bxa5 Rac8 20. Bb3 bxa5 21. d6 e6 22. f4 a4 23. Bxa4 Rc4 24. Bb3 Rxf4 25. Rc1 Rd4 26. Rc5 R4xd6 27. Rb5 Rb6 28. Ra5 Bf8 29. Ra4 Rb4 30. Ra5 Rb6 31. Ra4 Rb4 32. Ra5 Rbd4 33. Rxa7 Bc5 34. Rxb7 Rb4+ 35. Kf1 Rxb7 36. Ne4 Be7 37. Re2 Rb5 38. Nd2 Rd4 39. Kf2 Bc5 40. Kf3 Bb4 41. Nc4 Rc5 42. Re4 Rxe4 43. Kxe4 Bc3 44. h3 h5 45. Kf4 h4 46. Ke4 Kg7 47. Kf4 Kh6 48. Ke4 Kg7 49. Kf4 Kg8 50. Ke4 g5 51. a4 Kf8 52. Ba2 Ke7 53. Bb3 Kd7 54. Ba2 Ke7 55. Bb3 Ba5 56. Kd4 Rd5+ 57. Ke4 Bc7 58. Bc2 Ke8 59. Bd3 Kd7 60. Be2 Kc6 61. a5 Bxa5 62. Bh5 Bc3 63. Ne3 Rd4+ 64. Kf3 Rf4+ 0-1

[Event "Luebeck"]
[Site "Luebeck"]
[Date "2011.04.29"]
[Round "5"]
[White "Janz, Frerik"]
[Black "Danielsen, Henrik"]
[Result "1/2-1/2"]
[WhiteElo "2337"]
[BlackElo "2533"]
[PlyCount "131"]
[EventDate "2011.04.25"]
[EventType "tourn"]
[EventRounds "9"]
[EventCountry "GER"]
[EventCategory "6"]
[SourceTitle "CBM 142 Extra"]
[Source "ChessBase"]
[SourceDate "2011.06.27"]
[SourceVersion "1"]
[SourceVersionDate "2011.06.27"]
[SourceQuality "1"]

1. c4 f5 2. Nf3 Nf6 3. g3 d6 4. d4 g6 5. Bg2 Bg7 6. 0-0 0-0 7. Nc3 c6 8. d5 Bd7 9. Rb1 a5 10. b3 Na6 11. Bb2 Nc5 12. Ne1 e5 13. dxe6 Bxe6 14. Nd3 Qe7 15. Nxc5 dxc5 16. Qd2 Rad8 17. Qg5 Bf7 18. Rbd1 Rfe8 19. Rxd8 Rxd8 20. Qc1 Ng4 21. h3 Bh6 22. Qb1 Nf6 23. Rd1 Bg7 24. Rxd8+ Qxd8 25. Qc2 Nd7 26. Qd2 Qe7 27. e3 Nb6 28. Nd1 Qd7 29. Qc2 a4 30. Bxg7 Kxg7 31. Nb2 axb3 32. axb3 Qd6 33. f4 Nd7 34. Kf2 Nf6 35. Nd3 Nd7 36. Bf3 Qf6 37. g4 h6 38. Qb2 Qxb2+ 39. Nxb2 Kf6 40. gxf5 gxf5 41. Ke2 Ke7 42. Kd2 Kd6 43. Nd3 Bg6 44. Nf2 Nf6 45. Nd3 Bh5 46. Bg2 Nd7 47. Nf2 Bg6 48. Nh1 Nf6 49. Ng3 Nh5 50. Ne2 Nf6 51. Bf3 Bh5 52. Bxh5 Nxh5 53. Kd3 Ke6 54. e4 fxe4+ 55. Kxe4 Nf6+ 56. Ke3 Ne8 57. Ng3 Nd6 58. Kd3 b6 59. Ke3 Nb7 60. Ne4 Na5 61. Nd2 Kf5 62. Kf3 Nb7 63. Ne4 Na5 64. Nd2 Nb7 65. Ke3 Na5 66. Kf3 1/2-1/2

[Event "Luebeck"]
[Site "Luebeck"]
[Date "2011.04.28"]
[Round "4"]
[White "Kopylov, Michael"]
[Black "Janz, Frerik"]
[Result "1/2-1/2"]
[WhiteElo "2446"]
[BlackElo "2337"]
[PlyCount "54"]
[EventDate "2011.04.25"]
[EventType "tourn"]
[EventRounds "9"]
[EventCountry "GER"]
[EventCategory "6"]
[SourceTitle "CBM 142 Extra"]
[Source "ChessBase"]
[SourceDate "2011.06.27"]
[SourceVersion "1"]
[SourceVersionDate "2011.06.27"]
[SourceQuality "1"]

1. d4 Nf6 2. c4 g6 3. g3 Bg7 4. Bg2 d5 5. cxd5 Nxd5 6. Nf3 Nb6 7. 0-0 Nc6 8. Nc3 Nxd4 9. Nxd4 Qxd4 10. Nb5 Qc4 11. a4 0-0 12. b3 Qg4 13. Ra2 c6 14. Nc7 Rb8 15. a5 Na8 16. Nxa8 Rxa8 17. a6 bxa6 18. Bxc6 Rb8 19. Ra4 Qh5 20. Bf4 Rb6 21. Bf3 Qb5 22. Bc7 Rb7 23. Bf4 Bh3 24. Bxb7 Qxb7 25. e4 Bxf1 26. Kxf1 e5 27. Be3 Rb8 1/2-1/2